000 00260nam a22001217a 4500
008 171010b xxu||||| |||| 00| 0 eng d
041 _aeng
080 _215 ED
_a316
100 _a50
101 _aSOC
245 _aSOCIOLOGY
_cMACIONS.J.J
942 _2udc
_cBK
999 _c32884
_d32884